[Event "Gideon Japhet ACP Open 2018"]
[Site "Jerusalem"]
[Date "2018.07.02"]
[Round "3"]
[White "Muzychuk, Mariya"]
[Black "Parkhov, Yair"]
[Result "1-0"]
[WhiteElo "2521"]
[BlackElo "2364"]
[Annotator "ChessBase"]
[PlyCount "77"]
[EventDate "2018.07.01"]
[EventType "swiss"]
[EventCountry "ISR"]
[SourceTitle "playchess.com"]
[Source "ChessBase"]
[SourceQuality "1"]
[TimeControl "40/5400+30:1800+30"]

1. e4 {[%emt 0:01:14]} c6 {[%emt 0:00:00]} 2. d4 {[%emt 0:00:21]} d5 {[%emt 0:00:00]} 3. Nc3 {[%emt 0:00:14]} dxe4 {[%emt 0:00:00]} 4. Nxe4 {[%emt 0:00:03]} Bf5 {[%emt 0:00:00]} 5. Ng3 {[%emt 0:00:04]} Bg6 {[%emt 0:00:04]} 6. h4 {[%emt 0:01:09]} h6 {[%emt 0:00:14]} 7. Nf3 {[%emt 0:00:03]} e6 {[%emt 0:00:07]} 8. Ne5 {[%emt 0:06:27]} Bh7 {[%emt 0:00:07]} 9. Bd3 {[%emt 0:01:19]} Bxd3 {[%emt 0:00:11]} 10. Qxd3 {[%emt 0:00:03]} Nf6 {[%emt 0:00:34]} 11. Bf4 {[%emt 0:01:19]} Qa5+ {[%emt 0:00:52]} 12. c3 {[%emt 0:01:15]} Qa6 {[%emt 0:00:12]} 13. Qf3 {[%emt 0:04:36]} Nbd7 {[%emt 0:15:14]} 14. Nxd7 {[%emt 0:00:59]} Nxd7 {[%emt 0:00:17]} 15. Ne4 {[%emt 0:00:06]} Nf6 {[%emt 0:19:25]} 16. Nd6+ {[%emt 0:13:32]} Bxd6 {[%emt 0:00:15]} 17. Bxd6 {[%emt 0:00:03]} Qb5 {[%emt 0:04:36]} 18. Be5 {[%emt 0:10:12]} Qd5 {[%emt 0:09:21]} 19. Qg3 {[%emt 0:04:06]} Qe4+ {[%emt 0:01:47]} 20. Kf1 {[%emt 0:00:49]} Nh5 {[%emt 0:01:19]} 21. Qh3 {[%emt 0:04:37]} O-O-O {[%emt 0:18:02]} 22. Re1 {[%emt 0:06:42]} Qg6 {[%emt 0:01:30]} 23. Qf3 {[%emt 0:04:54]} Rhf8 {[%emt 0:08:20]} 24. g4 {[%emt 0:04:34]} Nf6 {[%emt 0:00:08]} 25. Rg1 {[%emt 0:00:06]} Nd5 {[%emt 0:01:03]} 26. h5 {[%emt 0:21:01]} Qh7 {[%emt 0:04:16]} 27. Bh2 {[%emt 0:00:43]} Nc7 {[%emt 0:09:58]} 28. Qf4 {[%emt 0:00:56]} Na6 {[%emt 0:00:20]} 29. Re5 {[%emt 0:01:10]} Qb1+ {[%emt 0:01:45]} 30. Kg2 {[%emt 0:00:03]} Qxa2 {[%emt 0:00:08]} 31. b4 {[%emt 0:00:29]} Rd5 {[%emt 0:01:32]} 32. Rge1 {[%emt 0:04:38]} Rxe5 {[%emt 0:02:28]} 33. Rxe5 {[%emt 0:00:06]} b5 {[%emt 0:00:10]} 34. c4 {[%emt 0:01:27]} f6 {[%emt 0:01:17]} 35. cxb5 {[%emt 0:02:18]} Rd8 {[%emt 0:01:10]} 36. Rc5 {[%emt 0:00:52]} e5 {[%emt 0:00:13]} 37. Qf5+ {[%emt 0:00:27]} Kb8 {[%emt 0:00:32]} 38. bxa6 {[%emt 0:00:05]} Rxd4 {[%emt 0:00:09]} 39. Bxe5+ {[%emt 0:00:22]} 1-0

[Event "Gideon Japhet ACP Open 2018"]
[Site "Jerusalem"]
[Date "2018.07.02"]
[Round "3"]
[White "Kobo, Ori"]
[Black "Zlatin, Alexander"]
[Result "1-0"]
[WhiteElo "2508"]
[BlackElo "2205"]
[Annotator "TA"]
[PlyCount "187"]
[EventDate "2018.07.01"]
[EventType "swiss"]
[EventCountry "ISR"]
[SourceTitle "playchess.com"]
[Source "ChessBase"]
[SourceQuality "1"]

{[%evp 17,187,12,18,17,30,13,90,90,97,87,147,160,137,138,150,160,155,117,185,119,119,119,119,119,119,119,119,119,119,119,131,119,146,150,254,189,189,186,186,186,309,249,500,494,479,476,420,410,458,441,856,848,862,873,845,841,856,829,856,830,807,792,759,749,719,708,690,658,632,616,543,0,453,139,1287,1081,1287,739,1287,1287,1287,1287,1287,1287,1276,1080,902,908,1031,617,633,558,1287,1287,1287,1040,591,969,1004,984,793,752,1109,1277,1254,1220,1193,1007,781,760,807,651,6107,5214,5816,5720,29959,29960,29959,29961,29960,29962,29962,29962,29962,29961,29960,29957,29953,29945,29947,29958,29959,29962,29953,29962,29955,29959,7032,5126,29971,29971,29970,29970,29970,29971,29973,29974,29973,29975,29975,29976,29976,29976,29976,29977,29977,0,29976,29977,29977,29978,29978,29979,29979,29976,29982,29983,29986,29987,29987,29988]} 1. Nf3 Nf6 2. c4 e6 3. g3 d5 4. Bg2 Be7 5. O-O O-O 6. d4 dxc4 7. Qc2 b6 {E05: Open Catalan: 5 Nf3 Be7} (7... a6 8. a4 Bd7 9. Rd1 Bc6 10. Bg5 b5 11. Bxf6 Bxf6 12. Nc3 Qe8 13. e4 g6 14. h4 Nd7 15. axb5 axb5 16. Rxa8 Qxa8 {½-½ (26) Mamedyarov,S (2808)-So,W (2778) Stavanger 2018}) 8. Bg5 Nd5 9. Bxe7 Qxe7 {LiveBook: 27 Games. The position is equal.} 10. Ne5 b5 $146 ({Predecessor:} 10... Nd7 11. Nc6 Qd6 12. Qxc4 b5 13. Qxb5 a5 14. Bxd5 Ba6 15. Qxa5 exd5 16. Qxd5 Bxe2 17. Qxd6 cxd6 {1-0 (36) Bosiocic,M (2619)-Gharamian,T (2626) Heraklio 2017}) 11. a4 c6 (11... f6 $11 12. Ng4 c6) 12. axb5 $16 cxb5 13. Nc3 Qb7 {[#]} (13... Bb7 $142) 14. b3 $1 {[%cal Rb3c4]} Nd7 15. bxc4 bxc4 16. Rfb1 N7b6 {[#]} 17. Nxc4 $1 {[%mdl 512]} Bd7 (17... Qc6 $16 {was worth a try.} 18. Nxb6 axb6) (17... Nxc4 18. Rxb7) 18. Qb3 (18. Nxd5 $18 exd5 19. Nd6) 18... Bc6 {Hoping for ...Nxc3.} 19. Nxd5 Bxd5 20. Nxb6 axb6 21. Bxd5 exd5 22. Rxa8 Qxa8 23. Qxb6 {[%mdl 4096] Endgame KQR-KQR} h6 24. e3 Qc8 25. Qd6 Qa8 (25... Qe6 $16 26. Qxe6 fxe6) 26. Kg2 Rd8 27. Qe5 Qc6 28. h4 {[%cal Bh2h4,Bh4h5][%mdl 32]} f6 (28... Rf8 $142 29. Qe7 Qc8) 29. Qf5 Qd7 $2 (29... Kh8 {might work better.} 30. Ra1 Ra8 31. Rxa8+ Qxa8) 30. Qxd7 $18 Rxd7 {KR-KR} 31. h5 Kf7 32. Kf3 g6 33. Kf4 Kg7 (33... Re7 $142 34. Rb5 Rd7) 34. g4 Kf7 35. Rb6 Kg7 36. f3 Kf7 37. hxg6+ Kxg6 38. Rc6 Rd8 39. Rc7 Rd6 40. Re7 Rd8 41. Re6 Rd7 42. Ra6 Rd8 43. Ra7 Rd6 44. Re7 Rd8 $1 45. Kg3 $2 (45. e4 $18 {and the rest is easy.}) 45... Rd6 $2 {[%mdl 8192]} (45... h5 $16 46. gxh5+ Kxh5) 46. Kh4 f5 47. Re5 fxg4 48. Kxg4 Kf7 49. f4 {[%cal Bf3f4,Bf4f5][%mdl 32]} Rg6+ 50. Kf3 Rd6 51. Rh5 Kg6 52. Kg4 Rd8 53. f5+ Kg7 54. Kf4 Rd7 55. Rh3 Re7 56. Rg3+ Kf7 57. Rg6 h5 58. Rd6 Re4+ 59. Kf3 h4 60. Rxd5 h3 61. Rd7+ ({Not} 61. Kxe4 h2 $11) 61... Kg8 62. Rb7 Rh4 63. Rb1 h2 64. Rh1 Kf7 65. Kg3 Re4 66. Rxh2 Rxe3+ 67. Kf4 Re1 68. Rh7+ Kf6 69. Rh6+ Ke7 70. Rb6 Re2 71. Rg6 Re1 72. Kf3 Kf7 73. Ra6 Ke7 74. Kf4 Re2 75. d5 Rf2+ 76. Ke4 Re2+ 77. Kd3 Rf2 78. Re6+ Kf7 79. Ke4 Re2+ 80. Kd4 Rf2 81. Ke5 Rf1 82. d6 Re1+ 83. Kd5 Rd1+ 84. Kc6 Rc1+ 85. Kd7 Rc5 86. Re7+ Kf6 87. Re6+ Kf7 $1 88. Re4 {White mates.} Rc1 89. Kd8 Rd1 90. d7 Rc1 91. Rb4 Rc2 92. Rb7 Rc1 93. Rc7 Ra1 94. Rc6 {Precision: White = 73%, Black = 35%.} 1-0

[Event "Gideon Japhet ACP Open 2018"]
[Site "Jerusalem"]
[Date "2018.07.02"]
[Round "3"]
[White "Caspi, Israel"]
[Black "Shohat, Yotam"]
[Result "1-0"]
[WhiteElo "2479"]
[BlackElo "2189"]
[Annotator "TA"]
[PlyCount "137"]
[EventDate "2018.07.01"]
[EventType "swiss"]
[EventCountry "ISR"]
[SourceTitle "playchess.com"]
[Source "ChessBase"]
[SourceQuality "1"]

{[%evp 28,137,13,14,35,25,25,0,0,-7,-7,-7,-8,-33,-11,-35,0,-31,0,0,0,-17,0,0,-1,-25,0,0,0,0,0,0,45,19,19,30,24,19,75,75,66,68,122,17,94,89,93,104,81,91,322,321,543,537,782,761,755,572,501,0,715,674,698,704,945,941,849,927,901,892,938,796,868,605,576,608,625,552,545,538,610,605,553,555,1094,992,2417,0,574,462,551,493,562,565,529,531,953,551,528,468,647,621,592,564,746,777,12841,8282,12841,12842,12847,12843]} 1. e4 c5 2. Nf3 Nc6 3. d4 cxd4 4. Nxd4 g6 5. Nc3 Bg7 6. Be3 Nf6 7. Bc4 O-O 8. Bb3 d6 9. f3 Bd7 10. Qd2 Nxd4 11. Bxd4 b5 12. a4 b4 {B77: Sicilian Dragon: Yugoslav Attack, 9 Bc4 sidelines} 13. Nd5 Nxd5 14. exd5 (14. Bxg7 Kxg7 15. exd5 Qb6 16. h4 h5 17. O-O-O Qa5 18. g4 Bxa4 19. Kb1 Bxb3 20. cxb3 {0-1 (33) Vachier Lagrave,M (2796)-Giri,A (2771) Stavanger 2017 CBM 179 [Quintiliano,R]}) 14... Bxd4 15. Qxd4 {LiveBook: 18 Games} Qb6 16. Qxb6 axb6 17. Kd2 {[#]} f5 $146 ({Predecessor:} 17... e5 18. dxe6 fxe6 19. Ke3 d5 20. Rhd1 {½-½ (38) Kurnosov,I (2680)-Macieja,B (2618) Lublin 2010}) 18. Rhe1 Kf7 19. Kd3 Rfc8 20. Rec1 Rc5 21. Kd4 g5 22. g3 Kf6 23. Re1 Rc7 24. Re3 Be8 25. f4 gxf4 26. gxf4 Bf7 27. Rg1 Ra5 28. Rh3 Bg6 29. Re1 Rcc5 30. Re6+ Kf7 31. Rhe3 Rc7 32. Rg3 Rcc5 (32... b5 $11 {remains equal.}) 33. Rg5 $16 Ke8 34. Re2 $36 {[%mdl 2048] White has some pressure.} Kf7 {[#]} ({Black should play} 34... Kf8 $14) 35. Re3 ({White should try} 35. h4 $1 $16 {[%cal Rh4h5] And now h5 would win.} h6 36. Rxe7+ Kxe7 37. Rxg6) 35... Kf6 (35... b5 $1 $11 {keeps the balance.}) 36. Re6+ Kf7 37. h4 {[%cal Bh2h4,Bh4h5][%mdl 32]} Ke8 38. Re2 {Strongly threatening h5.} Kd8 $2 (38... Bf7 $16) 39. h5 $18 Be8 $2 (39... Bf7 {was called for.} 40. Rxf5 Ke8) 40. Rg8 Ra7 41. h6 Kd7 42. Rg7 Kd8 43. Rg8 Kd7 $1 44. Bc4 Rxa4 45. Rg7 $1 {[%csl LRe7,LRh7]} Kd8 46. Rexe7 b5 47. Bb3 Ra1 48. Re6 Rd1+ 49. Ke3 Re1+ 50. Kd3 Rxe6 51. dxe6 {[%mdl 4096] Endgame KRB-KRB} Rc7 52. Kd4 Bc6 53. Bd5 Be8 54. c3 bxc3 55. bxc3 Bg6 56. Bb3 Be8 57. Bd5 $2 (57. Rxc7 $18 Kxc7 58. Bc2) 57... Re7 $2 {[%mdl 8192] [#]} (57... Bg6 $1 $11 {and Black is okay.} 58. Bg2 Rc5 59. Rxg6 Ke7) 58. Rf7 $1 {[%mdl 512] White is clearly winning.} Rc7 (58... Bxf7 59. exf7) 59. Rxf5 Ke7 60. Rg5 Kf6 {Black hopes to continue with ...Bg6.} 61. Rg8 Bg6 62. Rf8+ Ke7 63. Rb8 Rc5 64. Rb7+ Kf6 65. Rd7 b4 66. cxb4 Rb5 67. Rb7 Rxb7 68. Bxb7 Kxe6 69. Be4 {Precision: White = 62%, Black = 33%.} 1-0

[Event "Gideon Japhet ACP Open 2018"]
[Site "Jerusalem"]
[Date "2018.07.02"]
[Round "3"]
[White "Gorodetzky, David"]
[Black "Agrest, Inna"]
[Result "1-0"]
[WhiteElo "2460"]
[BlackElo "2303"]
[Annotator "ChessBase"]
[PlyCount "81"]
[EventDate "2018.07.01"]
[EventType "swiss"]
[EventCountry "ISR"]
[SourceTitle "playchess.com"]
[Source "ChessBase"]
[SourceQuality "1"]
[TimeControl "40/5400+30:1800+30"]

1. Nf3 {[%emt 0:00:00]} Nf6 {[%emt 0:00:00]} 2. b3 {[%emt 0:00:00]} g6 {[%emt 0:00:10]} 3. Bb2 {[%emt 0:00:00]} Bg7 {[%emt 0:00:03]} 4. g3 {[%emt 0:00:00]} O-O {[%emt 0:00:14]} 5. Bg2 {[%emt 0:00:03]} d6 {[%emt 0:00:38]} 6. d4 {[%emt 0:00:32]} Nbd7 {[%emt 0:05:01]} 7. O-O {[%emt 0:02:17]} c5 {[%emt 0:04:21]} 8. c4 {[%emt 0:03:11]} Rb8 {[%emt 0:02:10]} 9. Qc2 {[%emt 0:24:25]} a6 {[%emt 0:02:28]} 10. Rd1 {[%emt 0:11:07]} Qc7 {[%emt 0:07:00]} 11. Nc3 {[%emt 0:11:59]} b5 {[%emt 0:05:40]} 12. cxb5 {[%emt 0:05:55]} axb5 {[%emt 0:00:17]} 13. Rac1 {[%emt 0:00:33]} c4 {[%emt 0:12:11]} 14. d5 {[%emt 0:10:40]} b4 {[%emt 0:04:00]} 15. Na4 {[%emt 0:05:35]} c3 {[%emt 0:00:54]} 16. Ba1 {[%emt 0:05:40]} Nc5 {[%emt 0:12:24]} 17. Nd4 {[%emt 0:00:41]} Bh6 {[%emt 0:09:43]} 18. e3 {[%emt 0:03:36]} Bg4 {[%emt 0:03:50]} 19. Re1 {[%emt 0:02:27]} e5 {[%emt 0:14:22]} 20. dxe6 {[%emt 0:02:00]} fxe6 {[%emt 0:02:22]} 21. a3 {[%emt 0:04:30]} e5 {[%emt 0:02:03]} 22. Nc6 {[%emt 0:00:10]} Bf5 {[%emt 0:01:35]} 23. Qa2 {[%emt 0:01:40]} Nd3 {[%emt 0:02:58]} 24. Nxb8 {[%emt 0:00:33]} Qxb8 {[%emt 0:02:53]} 25. axb4 {[%emt 0:01:05]} c2 {[%emt 0:01:13]} 26. Qxc2 {[%emt 0:01:27]} Nxe1 {[%emt 0:02:07]} 27. Qc4+ {[%emt 0:00:01]} Kg7 {[%emt 0:00:55]} 28. Rxe1 {[%emt 0:00:02]} Rc8 {[%emt 0:00:10]} 29. Bc6 {[%emt 0:01:07]} Be4 {[%emt 0:01:58]} 30. b5 {[%emt 0:00:10]} Bd5 {[%emt 0:00:22]} 31. Qc3 {[%emt 0:01:25]} Bxb3 {[%emt 0:00:39]} 32. Qxb3 {[%emt 0:01:08]} Rxc6 {[%emt 0:00:03]} 33. Qe6 {[%emt 0:01:55]} Qxb5 {[%emt 0:01:05]} 34. Qe7+ {[%emt 0:00:01]} Kg8 {[%emt 0:00:09]} 35. Nc3 {[%emt 0:00:04]} Rxc3 {[%emt 0:00:56]} 36. Bxc3 {[%emt 0:00:29]} Nd5 {[%emt 0:00:01]} 37. Qe6+ {[%emt 0:00:34]} Kg7 {[%emt 0:00:16]} 38. Bxe5+ {[%emt 0:00:29]} dxe5 {[%emt 0:00:08]} 39. Qxe5+ {[%emt 0:00:05]} Kf7 {[%emt 0:01:14]} 40. Rd1 {[%emt 0:00:23]} Bg7 {[%emt 0:00:48]} 41. Qxd5+ {[%emt 0:30:07]} 1-0

[Event "Gideon Japhet ACP Open 2018"]
[Site "Jerusalem"]
[Date "2018.07.02"]
[Round "3"]
[White "Kantsler, Boris"]
[Black "Cohen Revivo, Shoham"]
[Result "1-0"]
[WhiteElo "2422"]
[BlackElo "2248"]
[Annotator "NA"]
[PlyCount "71"]
[EventDate "2018.07.01"]
[EventType "swiss"]
[EventCountry "ISR"]
[SourceTitle "playchess.com"]
[Source "ChessBase"]
[SourceQuality "1"]
[TimeControl "40/5400+30:1800+30"]

1. d4 {[%emt 0:01:14]} e6 {[%emt 0:00:00]} 2. c4 {[%emt 0:00:38]} b6 {[%emt 0:00:03]} 3. Nc3 {[%emt 0:01:42]} Bb7 {[%emt 0:00:12]} 4. Nf3 {[%emt 0:00:05]} Bb4 {[%emt 0:00:44]} 5. e3 {[%emt 0:01:44]} f5 {[%emt 0:00:09]} 6. Qb3 {[%emt 0:01:50]} Bxc3+ {[%emt 0:03:24]} 7. Qxc3 {[%emt 0:00:22]} Nf6 {[%emt 0:00:07]} 8. Be2 {[%emt 0:02:44]} O-O {[%emt 0:00:46]} 9. b3 {[%emt 0:00:59]} Ne4 {[%emt 0:00:28]} 10. Qc2 {[%emt 0:00:09]} d6 {[%emt 0:00:42]} 11. Bb2 {[%emt 0:00:50]} Nd7 {[%emt 0:00:09]} 12. O-O {[%emt 0:02:48]} Ndf6 {[%emt 0:01:36]} 13. Nd2 {[%emt 0:04:32]} Nxd2 {[%emt 0:04:59]} 14. Qxd2 {[%emt 0:00:05]} Ne4 {[%emt 0:00:06]} 15. Qc1 {[%emt 0:00:11]} Qg5 {[%emt 0:01:31]} 16. f3 {[%emt 0:00:44]} Nf6 {[%emt 0:00:03]} 17. Qd2 {[%emt 0:01:49]} Rae8 {[%emt 0:02:06]} 18. Rae1 {[%emt 0:01:39]} c5 {[%emt 0:03:10]} 19. dxc5 {[%emt 0:08:50]} dxc5 {[%emt 0:00:10]} 20. Be5 {[%emt 0:01:08]} Rd8 {[%emt 0:06:24]} 21. Qc3 {[%emt 0:00:19]} Rd7 {[%emt 0:00:17]} 22. Rd1 {[%emt 0:04:33]} Rfd8 {[%emt 0:00:08]} 23. Rxd7 {[%emt 0:00:06]} Rxd7 {[%emt 0:00:16]} 24. Rd1 {[%emt 0:00:04]} Rxd1+ {[%emt 0:01:04]} 25. Bxd1 {[%emt 0:01:00]} Nd7 {[%emt 0:00:08]} 26. Bd6 {[%emt 0:05:17]} Qf6 {[%emt 0:04:51]} 27. Qxf6 {[%emt 0:01:12]} Nxf6 {[%emt 0:01:08]} 28. Bb8 {[%emt 0:07:17]} Nd7 {[%emt 0:04:47]} 29. Bc7 {[%emt 0:09:26]} Kf7 {[%emt 0:05:21]} 30. Kf2 {[%emt 0:00:57]} e5 {[%emt 0:00:36]} 31. h3 {[%emt 0:07:09]} Ke6 {[%emt 0:09:22]} 32. g4 {[%emt 0:00:31]} g6 {[%emt 0:02:30]} 33. Kg3 {[%emt 0:04:08]} Bc6 {[%emt 0:02:57]} 34. Bc2 {[%emt 0:03:59]} b5 {[%emt 0:11:54]} 35. Bd3 {[%emt 0:07:37]} b4 {[%emt 0:00:54]} 36. g5 {[%emt 0:02:28] Kd5} 1-0

[Event "Gideon Japhet ACP Open 2018"]
[Site "Jerusalem"]
[Date "2018.07.02"]
[Round "3"]
[White "Shvayger, Yuliya"]
[Black "Nabaty, Tamir"]
[Result "0-1"]
[WhiteElo "2409"]
[BlackElo "2692"]
[Annotator "TA"]
[PlyCount "112"]
[EventDate "2018.07.01"]
[EventType "swiss"]
[EventCountry "ISR"]
[SourceTitle "playchess.com"]
[Source "ChessBase"]
[SourceQuality "1"]

{[%evp 12,112,15,0,15,8,19,18,27,23,28,35,27,21,17,7,6,18,25,12,35,-81,-78,-76,-81,-116,-27,-29,-29,-23,-16,-16,-14,-34,-31,-37,-30,-34,-41,-81,-89,-83,-92,-87,-89,-79,-87,-98,-66,-122,-78,-79,-83,-85,-79,-80,-74,-124,-127,-127,-127,-127,-129,-131,-64,-52,-64,-51,-37,-39,-31,-295,-281,-624,-620,-533,-460,-1093,-977,-1051,-1027,-1006,-994,-5037,-4078,-4774,-2758,-2334,-2066,-2448,-1918,-29964,-29965,-29961,-6227,-29974,-29975,-29971,-29973,-29982,-29983,-29984,-29985]} 1. e4 c6 2. d4 d5 3. exd5 cxd5 4. c4 Nf6 5. Nc3 g6 6. Qb3 e6 {B14: Caro-Kann: Panov-Botvinnik Attack with 5...e6 and 5...g6} 7. Nf3 {LiveBook: 3 Games} Bg7 8. cxd5 exd5 {The position is equal.} 9. Bb5+ Nc6 10. Qa3 $146 ({Predecessor:} 10. Ne5 Bd7 11. Bxc6 Bxc6 12. Qa3 Qe7 13. Qxe7+ Kxe7 14. b3 {½-½ (30) Van den Doel,E (2570)-L'Ami,E (2629) Wolvega 2012}) 10... Qe7+ 11. Qxe7+ Kxe7 12. O-O Be6 13. b3 Rhc8 14. Ba3+ Kd8 15. Na4 Ne4 16. Bxc6 (16. Rad1 $14 {stays ahead.}) 16... Rxc6 $17 17. Ne5 Rc2 18. f3 Nc3 (18... b5 $1 $17 19. fxe4 bxa4 20. bxa4 dxe4) 19. Nxc3 $11 Rxc3 20. Rac1 Rxc1 21. Rxc1 Bh6 22. Rc3 Bd2 $36 {[%mdl 2048] Black fights for an advantage.} 23. Rd3 Ba5 24. Bc5 Rc8 25. b4 Bc7 $1 26. Re3 b6 27. Bf8 Ke8 28. Bh6 Bd6 29. a3 Be7 30. Bf4 (30. Kf1 $15) 30... Rc1+ 31. Kf2 g5 32. Bg3 a5 33. bxa5 bxa5 34. Nd3 Rc2+ 35. Re2 Rxe2+ 36. Kxe2 Bxa3 $17 {[%mdl 4096] Endgame KBB-KBN} 37. Be1 a4 (37... Bd6 $1 $17 38. Bxa5 Bxh2) 38. Bb4 $15 Bxb4 39. Nxb4 {KB-KN} Ke7 40. Kd2 Kf6 41. Nc2 $2 {[%mdl 8192] [#]} (41. g3 $1 $15) 41... g4 $1 $19 42. f4 $2 {[#]} (42. fxg4 Kg5 43. Ne3) 42... g3 $1 {[%mdl 512]} 43. hxg3 {[#]} Kf5 $1 {[%cal Rf5g4]} 44. Ke3 (44. Ke2 $142 Bd7 45. Kf3) 44... Kg4 45. Kf2 Kh5 46. Ke2 Bf5 47. Na3 Kg4 48. Kf2 Be4 49. Nb5 h5 50. Na3 Bd3 51. Ke3 Kxg3 52. Kxd3 h4 (52... Kxg2 $142 53. Nc4 h4 54. Ne3+ Kg1 55. f5 h3 56. Ng4 h2 57. Nxh2 Kxh2 58. Kc3 Kg3 59. Kb4 Kf4 60. f6 Ke4 61. Kxa4 Kxd4 62. Kb4 Ke4 63. Kc3 Ke3 64. Kb4 d4 65. Kc5 Ke4 66. Kc4 d3 67. Kb3 Ke3 68. Kc3 d2 69. Kb4 d1=Q 70. Kb5 Qd6 71. Kc4 Kd2 72. Kb3 Kd3 73. Ka4 Qb6 74. Ka3 Kc3 75. Ka4 Qb4#) 53. Nb5 Kxg2 {Black mates.} 54. Nc3 h3 {[%cal Bh4h3,Bh3h2][%mdl 32]} 55. Nxd5 h2 56. Ne3+ Kf3 {Precision: White = 35%, Black = 67%.} 0-1

[Event "Gideon Japhet ACP Open 2018"]
[Site "Jerusalem"]
[Date "2018.07.02"]
[Round "3"]
[White "Zilberman, Yaacov"]
[Black "Steinberg, Nitzan"]
[Result "1/2-1/2"]
[WhiteElo "2374"]
[BlackElo "2521"]
[Annotator "TA"]
[PlyCount "31"]
[EventDate "2018.07.01"]
[EventType "swiss"]
[EventCountry "ISR"]
[SourceTitle "playchess.com"]
[Source "ChessBase"]
[SourceQuality "1"]

{[%evp 16,20,18,16,25,35,28]} 1. d4 Nf6 2. c4 e6 3. Nc3 Bb4 4. e3 O-O 5. Nge2 Re8 6. a3 Bf8 7. Ng3 d5 8. Be2 {E46: Nimzo-Indian: Rubinstein: 4 e3 0-0 5 Ne2 without early Bd3} a5 (8... b6 9. cxd5 exd5 10. O-O Bb7 11. b4 Nbd7 12. Qb3 c6 13. Bf3 a5 14. b5 c5 15. Nxd5 a4 {½-½ (53) Shankland,S (2671)-Ding,L (2778) Liaocheng 2018}) 9. O-O {LiveBook: 4 Games} c5 10. dxc5 Bxc5 {Predecessor:} 11. b3 $146 Nc6 12. Bb2 d4 13. Nce4 Nxe4 14. Nxe4 Ba7 15. c5 dxe3 16. fxe3 {0-1 (60) Novik,M (2482)-Baron,T (2547) Jerusalem 2017} 1/2-1/2

[Event "Gideon Japhet ACP Open 2018"]
[Site "Jerusalem"]
[Date "2018.07.02"]
[Round "3"]
[White "Kudischewitsch, David"]
[Black "Solomon, Asif"]
[Result "1-0"]
[WhiteElo "2356"]
[BlackElo "2184"]
[Annotator "NA"]
[PlyCount "118"]
[EventDate "2018.07.01"]
[EventType "swiss"]
[EventCountry "ISR"]
[SourceTitle "playchess.com"]
[Source "ChessBase"]
[SourceQuality "1"]
[TimeControl "40/5400+30:1800+30"]

1. d4 {[%emt 0:00:00]} Nf6 {[%emt 0:00:00]} 2. c3 {[%emt 0:00:00]} g6 {[%emt 0:01:07]} 3. Bf4 {[%emt 0:00:00]} Bg7 {[%emt 0:00:35]} 4. e3 {[%emt 0:00:00]} d6 {[%emt 0:00:43]} 5. h3 {[%emt 0:00:00]} O-O {[%emt 0:00:09]} 6. Nf3 {[%emt 0:00:00]} c5 {[%emt 0:02:10]} 7. Bh2 {[%emt 0:02:01]} b6 {[%emt 0:07:50]} 8. Be2 {[%emt 0:00:25]} Bb7 {[%emt 0:00:38]} 9. O-O {[%emt 0:00:05]} Nbd7 {[%emt 0:02:35]} 10. Qb3 {[%emt 0:00:12]} Qc7 {[%emt 0:09:22]} 11. a4 {[%emt 0:00:05]} a6 {[%emt 0:03:25]} 12. Na3 {[%emt 0:00:08]} Rfb8 {[%emt 0:04:10]} 13. Rfd1 {[%emt 0:01:29]} Ne4 {[%emt 0:08:52]} 14. d5 {[%emt 0:00:07]} Rd8 {[%emt 0:02:22]} 15. Qc2 {[%emt 0:00:15]} Ndf6 {[%emt 0:02:34]} 16. Qb3 {[%emt 0:03:36]} Bc8 {[%emt 0:06:26]} 17. Ne1 {[%emt 0:02:41]} Ne8 {[%emt 0:05:27]} 18. Nd3 {[%emt 0:07:06]} e5 {[%emt 0:04:14]} 19. dxe6 {[%emt 0:00:19]} Bxe6 {[%emt 0:02:23]} 20. Qc2 {[%emt 0:00:03]} Qb7 {[%emt 0:01:43]} 21. Nf4 {[%emt 0:00:49]} d5 {[%emt 0:02:21]} 22. c4 {[%emt 0:02:22]} Bf5 {[%emt 0:10:23]} 23. g4 {[%emt 0:03:01]} Nxf2 {[%emt 0:00:21]} 24. gxf5 {[%emt 0:00:05]} Nxd1 {[%emt 0:00:19]} 25. Rxd1 {[%emt 0:00:02]} dxc4 {[%emt 0:09:11]} 26. fxg6 {[%emt 0:00:28]} hxg6 {[%emt 0:00:33]} 27. Bxc4 {[%emt 0:01:50]} Qe7 {[%emt 0:04:31]} 28. Rf1 {[%emt 0:03:35]} Qxe3+ {[%emt 0:02:20]} 29. Kh1 {[%emt 0:00:01]} Nf6 {[%emt 0:02:03]} 30. Qxg6 {[%emt 0:01:28]} Qe4+ {[%emt 0:01:38]} 31. Qxe4 {[%emt 0:00:08]} Nxe4 {[%emt 0:00:01]} 32. Bd5 {[%emt 0:02:28]} Nd2 {[%emt 0:01:39]} 33. Rf2 {[%emt 0:01:32]} Bxb2 {[%emt 0:01:07]} 34. Nb1 {[%emt 0:00:16]} Nxb1 {[%emt 0:01:52]} 35. Rxb2 {[%emt 0:02:17]} Nc3 {[%emt 0:00:26]} 36. Bxa8 {[%emt 0:00:14]} Rxa8 {[%emt 0:00:05]} 37. Rxb6 {[%emt 0:00:37]} Nxa4 {[%emt 0:00:05]} 38. Rc6 {[%emt 0:00:07]} a5 {[%emt 0:01:15]} 39. Nd3 {[%emt 0:01:11]} Rd8 {[%emt 0:00:18]} 40. Nxc5 {[%emt 0:03:09]} Rd1+ {[%emt 0:00:11]} 41. Bg1 {[%emt 0:30:09]} Rc1 {[%emt 0:30:50]} 42. Rc8+ {[%emt 0:00:30]} Kh7 {[%emt 0:00:09]} 43. Rc7 {[%emt 0:00:03]} Nxc5 {[%emt 0:00:00]} 44. Rxc5 {[%emt 0:00:00]} Rxc5 {[%emt 0:00:00]} 45. Bxc5 {[%emt 0:00:00]} Kg6 {[%emt 0:00:00]} 46. Kg2 {[%emt 0:00:00]} Kh5 {[%emt 0:00:00]} 47. Be7 {[%emt 0:00:00]} a4 {[%emt 0:00:00]} 48. Ba3 {[%emt 0:00:00]} Kh4 {[%emt 0:00:00]} 49. Bc1 {[%emt 0:00:00]} Kh5 {[%emt 0:00:00]} 50. Kg3 {[%emt 0:00:00]} f5 {[%emt 0:00:00]} 51. Kf3 {[%emt 0:00:00]} Kh4 {[%emt 0:00:00]} 52. Kg2 {[%emt 0:00:00]} Kh5 {[%emt 0:00:00]} 53. Kg3 {[%emt 0:00:00]} Kg6 {[%emt 0:00:00]} 54. Kh4 {[%emt 0:00:00]} Kf6 {[%emt 0:00:00]} 55. Kh5 {[%emt 0:00:00]} Ke5 {[%emt 0:00:00]} 56. Kg5 {[%emt 0:00:00]} Ke4 {[%emt 0:00:00]} 57. h4 {[%emt 0:00:00]} f4 {[%emt 0:00:00]} 58. Bxf4 {[%emt 0:00:00]} a3 {[%emt 0:00:00]} 59. Bc1 {[%emt 0:00:00]} Kd5 1-0